000
00304nam a22001217a 4500
020
_a
978-93-5009-852-3
082
_a
030
_b
HAC/H
100
_a
HACHETTE
245
_a
ON THIS DAY
_b
THE HISTORY OF THE WORLD IN 366 DAYS
260
_a
DELHI
_b
HATCHETTE INDIA
650
_a
HISTORY REFERENCE
_z
INDIA
942
_c
BK
999
_c
1884
_d
1884